Les trésors de Turquie: l'anatolie des premiers empires Byzance les siecles de l'Islam

Uloženo v:
Podrobná bibliografie
Hlavní autoři: Akurgal, Ekrem (Autor), Etlinghausen, Richard (Autor)
Další autoři: Mango, Cyril A. (autor)
Médium: Kniha
Jazyk:francouzština
Vydáno: Génova D'Art Albert Skira 1966
Témata:
Tagy: Přidat tag
Žádné tagy, Buďte první, kdo vytvoří štítek k tomuto záznamu!

MARC

LEADER 00000nam a2200000 a 4500
001 UCY2582
003 CL-VaPUC
008 941104e19660000IT |||||||||||||||||fre|d
082 0 4 |a 709.561  |b AKU  |2 21 
100 0 |a Akurgal, Ekrem  |e author  |9 330637 
700 |a Mango, Cyril A.  |e autor  |9 333212 
700 0 |a Etlinghausen, Richard  |e author  |9 330639 
245 1 4 |a Les trésors de Turquie: l'anatolie des premiers empires Byzance les siecles de l'Islam 
300 |a 252 p 
942 |c BK 
945 |d 19941104 00:00:00  |a mfernand 
260 |a Génova  |b D'Art Albert Skira  |c 1966 
650 0 |a Arte bizantino  |9 267895 
650 0 |a Arte islámico (musulmán)  |9 314239 
583 |a last modification  |c 19941104 00:00:00  |k Rodrigo Vera 
999 |c 230949  |d 230947 
952 |0 0  |1 0  |4 0  |6 709_561000000000000_AKU_1966  |7 0  |8 F  |9 233643  |a BIBARQ  |b BIBARQ  |d 2019-11-15  |i 3029042  |o 709.561 AKU 1966  |p 3029042  |r 2025-01-20  |w 2019-11-15  |y BK_F  |k ARQ